书目信息 |
| 题名: |
给无价的孩子定价
|
|
| 作者: | 泽利泽 著 ;王水雄 译 | |
| 分册: | ||
| 出版信息: | 上海 华东师范大学出版社 2018 |
|
| 页数: | 315页 | |
| 开本: | 21cm | |
| 丛书名: | ||
| 单 册: | ||
| 中图分类: | C913.5 | |
| 科图分类: | ||
| 主题词: | 儿童--社会学--研究 | |
| 电子资源: | ||
| ISBN: | 978-7-5675-7004-7 | |
| 000 | 01236nam0 2200277 450 | |
| 001 | 5257 | |
| 005 | 20180530152307.28 | |
| 010 | @a978-7-5675-7004-7@dCNY55.00 | |
| 100 | @a20180412d2018 em y0chiy50 ea | |
| 101 | 1 | @achi@ceng |
| 102 | @aCN@b310000 | |
| 105 | @ay z 000yy | |
| 200 | 1 | @a给无价的孩子定价@9gei wu jia de hai zi ding jia@e变迁中的儿童社会价值@dPricing the priceless child@ethe changing social value of children@f(美)维维安娜·泽利泽(Viviana A. Zelizer)著@g王水雄等译@zeng |
| 205 | @a修订版 | |
| 210 | @a上海@c华东师范大学出版社@d2018 | |
| 215 | @a315页@d21cm | |
| 300 | @a维维安娜·泽利泽作品 001 薄荷实验 | |
| 330 | @a本书追踪了1870-1930年间美国经济上“无用”但情感上“无价”的儿童的社会建构过程。它考察了直接关涉儿童生命的经济和情感价值衡量的三大制度:儿童保险、儿童意外死亡的赔偿,以及儿童的领养和买卖。 | |
| 510 | 1 | @aPricing the priceless child@ethe changing social value of children@zeng |
| 517 | 1 | @a变迁中的儿童社会价值@9bian qian zhong de er tong she hui jia zhi |
| 606 | 0 | @a儿童@x社会学@x研究 |
| 690 | @aC913.5@v5 | |
| 701 | 0 | @c(美)@a泽利泽@9ze li ze@c(Zelizer, Viviana A.)@4著 |
| 702 | 0 | @a王水雄@9wang shui xiong@4译 |
| 801 | 0 | @aCN@b91MARC@c20180412 |
| 905 | @aMuseLib@dC913.5@e1333=2 | |
| 给无价的孩子定价:变迁中的儿童社会价值=Pricing the priceless child:the changing social value of children/(美)维维安娜·泽利泽(Viviana A. Zelizer)著/王水雄等译.-修订版.-上海:华东师范大学出版社,2018 |
| 315页;21cm |
| 维维安娜·泽利泽作品 001 薄荷实验 |
| ISBN 978-7-5675-7004-7:CNY55.00 |
| 本书追踪了1870-1930年间美国经济上“无用”但情感上“无价”的儿童的社会建构过程。它考察了直接关涉儿童生命的经济和情感价值衡量的三大制度:儿童保险、儿童意外死亡的赔偿,以及儿童的领养和买卖。 |
| ● |
| 相关链接 |
|
|
|
|
正题名:给无价的孩子定价
索取号:C913.5/1333=2
 
预约/预借
| 序号 | 登录号 | 条形码 | 馆藏地/架位号 | 状态 | 备注 |
| 1 | 1112595 | 211125959 | 第一样本阅览室/ [索取号:C913.5/1333=2] | 在馆 | |
| 2 | 1112596 | 211125968 | 教育系资料室/ [索取号:C913.5/1333=2] | 在馆 | |
| 3 | 1112597 | 211125977 | 教育系资料室/ [索取号:C913.5/1333=2] | 在馆 | |
| 4 | 1112598 | 211125986 | 第一借阅区/ [索取号:C913.5/1333=2] | 在馆 |